000 00738nam a2200265 i 4500
003 DO-SdBNP
005 20250108081347.0
007 ta
008 250108b2013 dr ||||| |||| 00| 0 spa d
020 _a9781300575252
040 _aDO-SdBNP
_bspa
_cBNPHU
_erda
041 _hspa
082 4 _axxx
_bS211b
_222
100 _aSánchez Féliz, Rubén
_eautor
_986357
245 1 0 _aBeatríz /
_cRubén Sánchez Féliz
264 _aSanto Domingo :
_bMedia Isla,
_c2013
300 _a80 páginas ;
_c24 cm.
336 _2rdacontent
_atexto
_btxt
337 _2rdamedia
_asin mediación
_bn
338 _2rdacarrier
_avolumen
_bnc
490 _aLas edades de Alicia ;
_v5
590 _aInventariado, 2025/DG
910 _aDG
942 _2ddc
_cLBS1
999 _c57996
_d57996